Normal view
MARC view
Entry Personal Name
001 - CONTROL NUMBER
- control field: 32943
003 - CONTROL NUMBER IDENTIFIER
- control field: dpl
005 - DATE AND TIME OF LATEST TRANSACTION
- control field: 20110817114530.0
008 - FIXED-LENGTH DATA ELEMENTS
- fixed length control field: 110817|||a|||||| | ||| d
040 ## - CATALOGING SOURCE
- Original cataloging agency: dpl
- Transcribing agency: dpl
100 ## - HEADING--PERSONAL NAME
- Personal name: नेगी, जगमोहन
670 ## - SOURCE DATA FOUND
- Source citation: Work cat.: (dpl)47628: नेगी, जगमोहन, पर्यटनःविकास की नई दिशाएँ /, 2010
670 ## - SOURCE DATA FOUND
- Source citation: Work cat.: (dpl)47628: नेगी, जगमोहन, पर्यटनःविकास की नई दिशाएँ /, 2010
